000 00345nam a2200157Ia 4500
001 12972
003 IN-NITTTR
005 20251114233121.0
008 251113s9999||||xx |||||||||||||| ||eng||
040 _beng
040 _cIN-NITTTR
041 _aeng
082 _a658.8 E31
245 0 _aEffective distribution management /
942 _2ddc
_cBK
999 _c15608
_d15608